Loading...
Beliefs - Mythology | 1 | 2 | 0 | 0 | 35 | 25 | 86.33 | 1 | 3 |
Other - Geo/CE | 0 | 4 | 2 | 2 | 30 | 93 | 104.75 | 1 | 4 |
Arts - Other Arts | 0 | 2 | 0 | 2 | 20 | 124 | 126.50 | 0 | 2 |
Beliefs - Religion | 0 | 2 | 0 | 0 | 20 | 95 | 100.50 | 1 | 2 |
Science - Biology | 0 | 2 | 1 | 0 | 15 | 110 | 124.00 | 0 | 2 |
Other - Other Academic | 1 | 0 | 0 | 0 | 15 | 72 | 72.00 | 1 | 1 |
History - American History | 0 | 1 | 0 | 0 | 10 | 95 | 95.00 | 0 | 1 |
History - Euro History | 0 | 1 | 0 | 0 | 10 | 115 | 115.00 | 0 | 1 |
History - World History | 0 | 0 | 1 | 0 | -5 | 0.00 | 0 | 0 | |
Arts - Painting | 0 | 0 | 1 | 0 | -5 | 0.00 | 0 | 0 | |
Other - Pop Culture | 0 | 0 | 1 | 0 | -5 | 0.00 | 0 | 0 | |
History - Other History | 0 | 0 | 3 | 0 | -15 | 0.00 | 0 | 0 |